000 00303nam a22001337a 4500
003 SGT
082 _a320
_bP67D
100 _aDWIVEDY, SURENDRANATH
245 _aPOLITICAL CORRUPTION IN INDIA
260 _bPOPULAR BOOK SERVICES
_c1967
300 _a180
650 _aPOLITICAL SCIENCE
942 _2ddc
_cBK
999 _c28093
_d28093